Dog man : (Record no. 13804)

000 -LEADER
fixed length control field 01318cam a2200289 i 4500
020 ## - ISBN
ISBN 9789811157486
050 00 - LIBRARY OF CONGRESS CALL NUMBER
Classification number PZ7.7.P53
082 00 - DEWEY DECIMAL CLASSIFICATION NUMBER
Classification number Fic. P639d 2017 Bk.2
Edition number 23
100 1# - MAIN ENTRY--PERSONAL NAME
Personal name Pilkey, Dav,
Dates associated with a name 1966-
245 10 - TITLE STATEMENT
Title Dog man :
Remainder of title unleashed /
Statement of responsibility, etc. written and illustrated by Dav Pilkey as George Beard and Harold Hutchins ; with color by Jose Garibaldi.
260 ## - PUBLICATION, DISTRIBUTION, ETC. (IMPRINT)
Place of publication, distribution, etc. Singapore
Name of publisher, distributor, etc. Scholastic
Date of publication, distribution, etc. c2019
300 ## - PHYSICAL DESCRIPTION
Extent/Page number 220 pages :
Other physical details color illustrations ;
Dimensions 21 x 13.5 cm.
337 ## - MEDIA TYPE
Media type term unmediated
Media type code n
490 0# - SERIES STATEMENT
Series statement Dog Man ;
Volume/sequential designation 2
504 ## - BIBLIOGRAPHY, ETC. NOTE
Bibliography, etc Lexile level - 260
505 0# - FORMATTED CONTENTS NOTE
Formatted Contents Note Fore-foreward: Behind the Profundity -- Foreword: George and Harold's recap of our story thus far -- The secret meeting -- Penelope's pets - Happy birthday, chief == The big robbery -- Petey's big escape -- A bunch stuff that happened next -- Big fight -- Flat cat fever -- The mysterious stranger returns -- An ice ending
520 ## - SUMMARY, ETC.
Summary, etc. When Dog Man is sent to the pound for a crime he did not commit, his friends work to prove his innocence.
526 ## - STUDY PROGRAM INFORMATION NOTE
PROGRAM TYPE FICTION
650 #1 - SUBJECT ADDED ENTRY--TOPICAL TERM
Topical term or geographic name as entry element Graphic novels.
650 #1 - SUBJECT ADDED ENTRY--TOPICAL TERM
Topical term or geographic name as entry element Humorous stories.
650 #1 - SUBJECT ADDED ENTRY--TOPICAL TERM
Topical term or geographic name as entry element Dogs -- Juvenile fiction.
650 #1 - SUBJECT ADDED ENTRY--TOPICAL TERM
Topical term or geographic name as entry element Cats -- Juvenile fiction.
650 #1 - SUBJECT ADDED ENTRY--TOPICAL TERM
Topical term or geographic name as entry element Police -- Juvenile fiction.
650 #1 - SUBJECT ADDED ENTRY--TOPICAL TERM
Topical term or geographic name as entry element Adventure and adventurers.
700 1# - ADDED ENTRY--PERSONAL NAME/OTHER AUTHORS
Personal name Garibaldi, Jose,
942 ## - ADDED ENTRY ELEMENTS
Classification
Item type Book
Holdings
Withdrawn status Lost status Source of classification or shelving scheme Damaged status Not for loan Collection code Permanent Location Current Location Shelving location Date acquired Source of acquisition Full call number Barcode Date last seen Price effective from Item type
          Fiction Grade School Library Grade School Library Fiction 2026-02-03 MIBF Fic. P639d 2017 Bk.2 GS5754 2026-02-03 2026-02-03 Book